000 00790nam a2200241Ia 4500
001 10307
003 GE_BSU
008 181216s||||||||xx |||||||||||||| ||und||
040 _cGE_BSU
080 _a821.353.1-31
100 _aლისაშვილი,იაკინთე
245 _aკეცხოველი
245 _bრომანი
245 _cრედ:ი.აბაშიძე;მხატვ:.ი.ავალიანი
260 _aთბილისი.
260 _bფედერაცია.
260 _c1941
300 _a309გვ;22სმ.
300 _bდამატებითი თავფურცელი რუსულ ენაზე.
653 _aკეცხოველი
653 _aრომანი
942 _cBK
999 _c43574
_d43574